Los clásicos según Fontanarrosa /
Guardado en:
| Autor Principal: | |
|---|---|
| Formato: | Libro |
| Publicado: |
Buenos Aires :
de la Flor,
1980.
|
| Edición: | 2a ed. |
| Materias: | |
| Etiquetas: |
Agregar Etiqueta
Sin Etiquetas, Sea el primero en etiquetar este registro!
|
| LEADER | 00619nam a22002055a 4500 | ||
|---|---|---|---|
| 001 | EHU.bham051621 | ||
| 008 | 230816s1980####ag############000#0#####d | ||
| 005 | 20240905100626.0 | ||
| 245 | 1 | 0 | |a Los clásicos según Fontanarrosa / |c Roberto Fontanarrosa. |
| 250 | |a 2a ed. | ||
| 260 | |a Buenos Aires : |b de la Flor, |c 1980. | ||
| 300 | |a 224 p. | ||
| 020 | |a 9505156286 | ||
| 100 | 1 | |a Fontanarrosa, Roberto. | |
| 082 | A | 8 | |a A863.4 F679-4 |
| 653 | |a Miscelánea argentina | ||
| 653 | |a Humor gráfico | ||
| 653 | |a Literatura universal | ||
| 653 | |a Colección Villar | ||
| 859 | |a AR-BHAM |b BIB. HUMANIDADES - General |h A863.4 |i F679-4 |p 404.23 | ||
